French Players in UEFA Champions League (2000-) - Statistics

General Stats
  • This quiz has been taken 122 times
  • The average score is 105 of 473
Answer Stats
Ranking Player Positions Nationality Matches Goals (assists) Periods Clubs % Correct
3 Antoine Griezmann MF, FW 105 42 (15) 2013-2025
98%
412 Ethan Mbappé DF, MF, FW 2 0 (0) 2024-2025
96%
1 Karim Benzema FW 152 90 (28) 2005-2023
96%
6 Kylian Mbappé MF, FW 87 55 (24) 2016-2025
96%
4 Thierry Henry FW 95 42 (20) 2000-2009, 2011-2012
96%
355 Ibrahim Ba MF 4 0 (0) 2000-2001
94%
16 Hugo Lloris GK 70 0 (0) 2008-2011, 2016-2019, 2022-2023
93%
20 Olivier Giroud FW 64 24 (10) 2012-2017, 2019-2024
93%
5 Raphaël Varane DF, MF 92 2 (2) 2011-2021, 2023-2024
93%
7 Franck Ribéry MF, FW 87 18 (17) 2008-2019
92%
19 Ousmane Dembélé MF, FW 66 20 (18) 2016-2025
92%
28 Paul Pogba MF, FW 57 4 (11) 2012-2015, 2017-2018, 2020-2022
92%
14 Kingsley Coman MF, FW 71 17 (15) 2014-2025
90%
33 Lucas Hernández DF 55 3 (1) 2015-2025
90%
79 Moussa Dembélé MF, FW 28 7 (1) 2016-2021
90%
63 Theo Hernández DF 35 0 (2) 2017-2018, 2021-2025
90%
42 Zinédine Zidane MF 49 9 (9) 2000-2006
90%
192 Khéphren Thuram MF 11 0 (0) 2018-2019, 2024-2025
86%
34 Lilian Thuram DF 55 0 (0) 2001-2008
86%
73 Marcus Thuram MF, FW 30 7 (3) 2020-2021, 2023-2025
86%
72 N'Golo Kanté MF 31 0 (2) 2017-2018, 2019-2023
86%
26 Adrien Rabiot MF 60 7 (4) 2012-2023
84%
124 Benjamin Mendy DF 19 0 (4) 2013-2014, 2016-2021
82%
38 Benjamin Pavard DF 51 3 (5) 2019-2025
82%
178 Bernard Mendy DF, FW 12 0 (0) 2000-2001, 2004-2005
82%
24 Ferland Mendy DF 61 1 (5) 2018-2025
82%
46 Eduardo Camavinga DF, MF 45 0 (3) 2020-2025
81%
292 Jean-Philippe Mendy FW 6 0 (0) 2014-2015
81%
2 Patrice Evra DF 108 2 (3) 2003-2004, 2006-2017
81%
78 Aurélien Tchouaméni DF, MF 29 0 (0) 2022-2025
80%
32 Dayot Upamecano DF 56 0 (0) 2017-2018, 2019-2025
80%
17 Blaise Matuidi MF 68 8 (10) 2012-2020
78%
8 Claude Makélélé MF 84 1 (3) 2000-2008
77%
29 Clément Lenglet DF 57 3 (0) 2016-2022, 2024-2025
77%
69 Mike Maignan GK 32 0 (0) 2019-2020, 2021-2025
77%
89 Ibrahima Konaté DF 26 3 (0) 2019-2022, 2024-2025
75%
27 Samir Nasri MF, FW 58 9 (10) 2007-2017
75%
51 Anthony Martial MF, FW 40 6 (5) 2014-2015, 2017-2018, 2020-2021, 2023-2024
73%
126 Alexandre Lacazette FW 18 5 (3) 2010-2011, 2015-2017
72%
50 Laurent Koscielny DF 41 2 (0) 2010-2017
72%
103 Randal Kolo Muani MF, FW 23 3 (0) 2022-2025
72%
138 Désiré Doué MF, FW 16 5 (3) 2024-2025
71%
59 Jules Koundé DF 36 1 (4) 2020-2025
71%
67 Lucas Digne DF, MF 32 1 (4) 2012-2017, 2024-2025
71%
18 Patrick Vieira MF 67 3 (7) 2000-2010
71%
57 Fabien Barthez GK 37 0 (0) 2000-2003
70%
93 Samuel Umtiti DF 26 0 (0) 2015-2021
70%
86 Alou Diarra MF 27 2 (0) 2006-2007, 2008-2009, 2011-2012
69%
56 Corentin Tolisso DF, MF 37 9 (9) 2015-2017, 2019-2022
69%
65 Lassana Diarra MF 33 0 (3) 2005-2011, 2017-2018
69%
125 Alphonse Areola GK 19 0 (0) 2016-2020
67%
13 Gaël Clichy DF 72 0 (2) 2004-2017
67%
47 Presnel Kimpembe DF 44 1 (0) 2016-2022, 2024-2025
66%
113 William Saliba DF 21 0 (0) 2023-2025
66%
83 Bradley Barcola MF, FW 27 4 (5) 2023-2025
65%
70 Christopher Nkunku MF, FW 31 11 (3) 2015-2016, 2019-2023
65%
41 David Trezeguet FW 49 25 (5) 2000-2005, 2008-2010
64%
36 Nicolas Anelka FW 53 17 (6) 2000-2001, 2005-2006, 2007-2013
64%
15 Robert Pirès MF, FW 71 12 (10) 2000-2005, 2008-2009
64%
23 Éric Abidal DF 62 0 (2) 2000-2001, 2004-2011, 2014-2015
61%
9 Florent Malouda MF, FW 83 8 (14) 2003-2012
61%
45 Steve Mandanda GK 47 0 (0) 2007-2011, 2013-2014, 2020-2021
61%
313 Wesley Fofana DF 5 1 (0) 2022-2023
60%
30 Bacary Sagna DF 57 0 (3) 2007-2017
59%
43 Thomas Lemar MF, FW 48 2 (7) 2016-2022, 2024-2025
59%
22 William Gallas DF 64 2 (1) 2003-2011
59%
159 Wissam Ben Yedder MF, FW 14 10 (0) 2016-2018
59%
88 Abou Diaby MF 26 4 (2) 2005-2013
58%
407 Gueïda Fofana DF, MF 2 0 (1) 2011-2012
58%
160 Michael Olise MF, FW 14 5 (2) 2024-2025
58%
222 Moussa Diaby DF, MF, FW 9 2 (0) 2018-2019, 2022-2023
58%
206 Youssouf Fofana MF 10 0 (2) 2024-2025
58%
287 Didier Deschamps MF 6 0 (0) 2000-2001
57%
104 Dimitri Payet MF, FW 23 2 (2) 2011-2013, 2020-2021, 2022-2023
57%
90 Moussa Sissoko MF, FW 26 0 (3) 2016-2020
57%
85 Warren Zaïre-Emery DF, MF 27 2 (3) 2022-2025
57%
80 Djibril Cissé FW 28 4 (1) 2002-2003, 2004-2005, 2007-2008, 2010-2011
54%
48 Édouard Cissé MF 43 2 (0) 2000-2001, 2003-2004, 2007-2008, 2009-2011
54%
64 Eliaquim Mangala DF 34 1 (2) 2009-2010, 2011-2015, 2017-2018, 2019-2020
54%
37 Mathieu Valbuena MF, FW 51 4 (7) 2007-2011, 2013-2014, 2015-2016, 2019-2021
54%
84 Tanguy Ndombele MF 27 3 (3) 2018-2019, 2022-2024
53%
49 Bixente Lizarazu DF 42 0 (1) 2000-2006
52%
324 Emmanuel Petit DF, MF 5 0 (0) 2000-2001, 2003-2004
52%
176 Florian Thauvin MF, FW 12 1 (1) 2013-2014, 2020-2021
52%
71 Jérémy Mathieu DF 31 0 (2) 2010-2012, 2014-2018
52%
66 Kévin Gameiro FW 32 6 (2) 2012-2013, 2015-2020
52%
105 Laurent Blanc DF, MF 22 3 (0) 2001-2003
52%
141 Mathys Tel MF, FW 16 2 (1) 2022-2025
52%
465 Serge Blanc DF 1 0 (0) 2000-2001
52%
55 Steven Nzonzi MF 39 1 (0) 2015-2021
51%
356 Mamadou Sakho DF 4 0 (0) 2012-2013, 2014-2015
49%
162 Mattéo Guendouzi MF 14 2 (1) 2022-2024
49%
106 Kurt Zouma DF 22 1 (1) 2014-2015, 2019-2021
48%
76 Layvin Kurzawa DF, MF 29 3 (5) 2014-2017, 2019-2021
48%
187 Nabil Fekir MF, FW 11 3 (2) 2016-2017, 2018-2019
48%
61 Nordi Mukiele DF, FW 35 3 (2) 2019-2025
47%
39 Philippe Mexès DF 51 2 (1) 2002-2003, 2004-2005, 2006-2008, 2010-2014
47%
95 Adil Rami DF 25 2 (0) 2011-2013, 2015-2017
46%
297 Marcel Desailly DF, MF 6 0 (0) 2003-2004
46%
12 Mikaël Silvestre DF 72 2 (3) 2000-2011
46%
44 Ludovic Giuly MF, FW 47 9 (7) 2000-2001, 2003-2008
45%
31 Willy Sagnol DF 56 0 (5) 2000-2007
43%
215 Lucas Chevalier GK 10 0 (0) 2024-2025
42%
35 Mathieu Flamini MF 55 0 (0) 2004-2007, 2009-2010, 2012-2016
42%
157 Boubacar Kamara DF, MF 15 0 (0) 2020-2021, 2024-2025
41%
307 Zoumana Camara DF 6 0 (0) 2012-2014
41%
25 Grégory Coupet GK 61 0 (0) 2000-2009
40%
203 Mahdi Camara DF, MF, FW 10 1 (0) 2024-2025
40%
21 Sylvain Wiltord MF, FW 64 11 (11) 2000-2007
40%
109 Tiemoué Bakayoko MF 21 2 (1) 2014-2015, 2016-2017, 2021-2022
40%
54 Francis Coquelin DF, MF 39 1 (0) 2011-2012, 2014-2016, 2018-2019, 2021-2022
39%
40 Jérémy Toulalan DF, MF 50 0 (2) 2001-2002, 2006-2010, 2012-2013, 2014-2015
39%
155 Martin Terrier MF, FW 15 1 (1) 2018-2020, 2024-2025
39%
423 Rayan Cherki MF, FW 2 0 (0) 2019-2020
39%
161 André-Pierre Gignac MF, FW 14 3 (0) 2010-2011, 2013-2014
37%
410 Benoît Badiashile DF 2 0 (0) 2018-2019
37%
451 Loic Badiashile GK 1 0 (0) 2018-2019
37%
107 Mathieu Debuchy DF 22 0 (0) 2005-2006, 2011-2012, 2014-2016
37%
100 Pierre Kalulu DF 24 0 (0) 2021-2025
37%
58 Yoann Gourcuff MF 36 6 (4) 2006-2012
37%
238 Alassane Pléa MF, FW 8 5 (2) 2020-2021
36%
380 Axel Disasi DF 3 0 (0) 2024-2025
36%
81 Hatem Ben Arfa MF, FW 28 2 (3) 2004-2009, 2016-2017, 2021-2022
36%
75 Loïc Rémy FW 29 6 (2) 2006-2007, 2010-2011, 2014-2015, 2019-2020
36%
114 Jérémy Ménez MF, FW 20 4 (5) 2008-2009, 2010-2011, 2012-2014
35%
247 Malang Sarr DF 8 0 (0) 2020-2022
35%
339 Senny Mayulu MF, FW 4 2 (0) 2024-2025
35%
10 Sidney Govou MF, FW 74 11 (13) 2000-2011
35%
136 Yohan Cabaye MF 17 1 (1) 2005-2006, 2013-2015
35%
345 Mouhamadou-Naby Sarr DF 4 1 (0) 2014-2015
34%
121 Djibril Sidibé DF, MF 19 2 (1) 2012-2013, 2016-2019
33%
62 Maxime Gonalons MF 35 2 (3) 2009-2011, 2015-2018
33%
179 Castello Lukeba DF 12 0 (0) 2023-2025
31%
354 Hugo Ekitike FW 4 0 (0) 2022-2023
31%
120 Louis Saha FW 19 3 (2) 2003-2008
31%
147 Dan-Axel Zagadou DF 16 0 (0) 2017-2021, 2024-2025
30%
458 Ousmane Toure DF 1 0 (0) 2024-2025
30%
101 Bafétimbi Gomis FW 23 9 (0) 2009-2012
29%
143 Christophe Jallet DF 16 1 (2) 2012-2013, 2015-2016
29%
115 Lucas Tousart MF 20 2 (2) 2016-2017, 2018-2019, 2023-2024
29%
329 Marvin Martin MF 5 0 (0) 2012-2013
29%
128 Mohamed Simakan DF 18 2 (3) 2021-2024
29%
262 Jonas Martin DF, MF 7 0 (0) 2012-2013, 2020-2021, 2024-2025
28%
398 Morgan Schneiderlin MF 3 0 (0) 2015-2016
28%
110 Benjamin André DF, MF 21 0 (2) 2019-2020, 2021-2022, 2024-2025
27%
278 Jordan Veretout MF 6 0 (1) 2022-2023
27%
199 Pierre-Yves André FW 10 2 (1) 2001-2002
27%
140 Rémy Cabella MF, FW 16 2 (2) 2012-2013, 2020-2021, 2024-2025
27%
227 Sacha Boey DF 9 1 (0) 2023-2025
27%
197 Maghnes Akliouche MF, FW 10 2 (2) 2024-2025
25%
132 Olivier Boscagli DF, MF 18 0 (0) 2023-2025
24%
11 Anthony Réveillère DF 73 1 (2) 2002-2012
23%
282 Brice Samba GK 6 0 (0) 2023-2024
23%
174 Étienne Capoue MF 12 2 (4) 2021-2022
23%
102 Johan Micoud MF 23 5 (6) 2004-2007
23%
52 Sébastien Squillaci DF 40 4 (0) 2003-2004, 2006-2007, 2009-2013
23%
190 Benjamin Stambouli DF, MF 11 0 (0) 2012-2013, 2015-2016, 2018-2019
22%
129 Christian Karembeu DF, MF 18 0 (3) 2001-2004
22%
231 Clément Grenier MF 9 0 (1) 2011-2012, 2015-2016, 2020-2021
22%
260 Colin Dagba DF, MF 7 0 (0) 2018-2021
22%
168 Rio Mavuba MF 14 0 (0) 2006-2007, 2011-2013
22%
185 Valentin Rongier DF, MF 12 0 (0) 2020-2021, 2022-2023
22%
406 Yacine Adli MF, FW 3 0 (0) 2023-2024
22%
298 Maxence Lacroix DF 6 0 (0) 2021-2022
20%
118 Mickaël Landreau GK 20 0 (0) 2001-2002, 2011-2013
20%
173 Sébastien Frey GK 13 0 (0) 2008-2010
20%
306 Yann M'Vila DF, MF 6 0 (0) 2020-2021
20%
239 Enzo Millot MF, FW 8 2 (3) 2024-2025
19%
92 Jean-Alain Boumsong DF 26 0 (1) 2002-2003, 2007-2011
19%
253 Jean-Kévin Augustin FW 7 1 (0) 2015-2018
19%
153 Benoît Trémoulinas DF 15 1 (1) 2009-2010, 2015-2016
18%
234 Cédric Carrasso GK 9 0 (0) 2009-2010
18%
250 Guillaume Hoarau FW 7 4 (0) 2012-2013, 2018-2019
18%
111 Mapou Yanga-Mbiwa DF 21 0 (0) 2012-2013, 2014-2017
18%
300 Mickaël Cuisance MF, FW 6 0 (0) 2020-2021
18%
270 Adamo Coulibaly FW 6 2 (0) 2009-2010
17%
60 Aly Cissokho DF 36 1 (3) 2008-2013
17%
53 Benoît Cheyrou MF 39 1 (5) 2001-2002, 2007-2011, 2013-2014
17%
218 Bruno Cheyrou MF 9 4 (1) 2001-2003
17%
442 Jean-Clair Todibo DF 1 0 (0) 2019-2020
17%
277 Jonathan Clauss DF, MF 6 0 (1) 2022-2023
17%
221 Jordan Ferri MF 9 2 (0) 2015-2016, 2018-2019
17%
149 Josuha Guilavogui DF, MF 16 0 (0) 2013-2014, 2015-2016, 2021-2022
17%
98 Mathieu Bodmer DF, MF 24 0 (3) 2005-2009, 2012-2013
17%
158 Soumaïla Coulibaly DF 15 0 (0) 2022-2025
17%
116 Valère Germain MF, FW 20 2 (1) 2014-2015, 2016-2017, 2020-2021
17%
77 Vincent Candela DF, MF 29 1 (5) 2001-2002, 2004-2006
17%
409 Andy Diouf MF 2 0 (0) 2023-2024
16%
212 Bafodé Diakité DF 10 0 (0) 2024-2025
16%
210 Jérôme Roussillon DF, MF 10 0 (1) 2021-2022, 2023-2024
16%
243 Ludovic Ajorque FW 8 0 (2) 2024-2025
16%
312 Pierre Lees-Melou MF, FW 5 1 (0) 2024-2025
16%
204 Tanguy Nianzou DF, MF 10 1 (0) 2019-2020, 2021-2024
16%
230 Clément Chantôme MF 9 0 (1) 2012-2013, 2014-2015
14%
135 Jérôme Rothen MF 17 1 (4) 2003-2004, 2009-2010
14%
196 Jonathan Ikone MF, FW 10 2 (2) 2016-2017, 2019-2020, 2021-2022
14%
163 Leo Dubois DF, MF 14 1 (2) 2018-2020
14%
420 Loïc Bade DF 2 0 (0) 2023-2024
14%
397 Maxence Caqueret MF 3 0 (0) 2019-2020
14%
301 Morgan Sanson MF 6 0 (0) 2020-2021
14%
373 Younès Kaboul DF 3 1 (0) 2010-2011
14%
319 Adama Diakhaby MF, FW 5 0 (0) 2017-2018
13%
346 Anthony Le Tallec MF, FW 4 0 (1) 2004-2005, 2010-2011
13%
139 Jimmy Briand MF, FW 16 2 (2) 2010-2012
13%
82 Jonathan Zebina DF 28 0 (0) 2001-2002, 2004-2005, 2009-2010
13%
123 Benoît Pedretti MF 19 1 (0) 2005-2006, 2010-2013
12%
154 Florent Sinama Pongolle FW 15 1 (1) 2004-2005, 2008-2010
12%
134 Julien Escudé DF 17 2 (0) 2003-2004, 2007-2008, 2009-2010
12%
97 Pascal Cygan DF 25 0 (0) 2001-2006
12%
127 Péguy Luyindula MF, FW 18 4 (0) 2001-2004
12%
184 Rod Fanni DF 12 0 (0) 2002-2003, 2010-2011, 2013-2014
12%
151 Valérien Ismaël DF 15 3 (0) 2004-2006
12%
91 Vikash Dhorasoo MF 26 0 (3) 2000-2001, 2002-2005
12%
269 Elye Wahi FW 6 2 (1) 2023-2024
11%
117 François Clerc DF 20 0 (1) 2005-2010
11%
223 Gabriel Obertan MF, FW 9 1 (2) 2006-2007, 2009-2011
11%
96 Gaël Givet DF 25 1 (1) 2003-2004, 2007-2008
11%
352 Geoffrey Jourdren GK 4 0 (0) 2012-2013
11%
156 Marc Planus DF 15 1 (0) 2006-2007, 2008-2010
11%
195 Ulrich Ramé GK 11 0 (0) 2006-2007, 2008-2010
11%
258 Anthony Modeste FW 7 0 (0) 2022-2023
10%
315 Benjamin Bourigeaud MF, FW 5 0 (1) 2020-2021
10%
285 Damien Da Silva DF, MF 6 0 (0) 2020-2021
10%
276 Florian Sotoca MF, FW 6 0 (1) 2023-2024
10%
74 Jérémie Bréchet DF, MF 30 0 (0) 2000-2003, 2008-2009
10%
296 Jordan Amavi DF 6 0 (0) 2020-2021, 2024-2025
10%
171 Kévin Théophile-Catherine DF 13 0 (3) 2019-2020, 2022-2023, 2024-2025
10%
94 Laurent Robert MF, FW 25 3 (7) 2000-2001, 2002-2003, 2005-2006
10%
131 Lionel Letizi GK 18 0 (0) 2000-2001, 2004-2005
10%
235 Morgan Amalfitano MF 9 0 (0) 2011-2012
10%
399 Mouhamadou Dabo DF 3 0 (0) 2011-2012
10%
421 Odsonne Édouard MF, FW 2 0 (0) 2017-2018
10%
99 Olivier Dacourt MF 24 0 (0) 2000-2001, 2004-2005, 2006-2008
10%
254 Olivier Kapo MF, FW 7 1 (0) 2002-2003, 2004-2005
10%
331 Ousmane Dabo MF 5 0 (0) 2000-2001, 2003-2004
10%
236 Rémy Vercoutre GK 9 0 (0) 2003-2004, 2005-2008
10%
194 Romain Del Castillo MF, FW 11 0 (0) 2020-2021, 2024-2025
10%
150 Steve Marlet MF, FW 15 5 (3) 2000-2001, 2003-2004
10%
122 Sylvain Armand DF 19 1 (4) 2001-2002, 2004-2005, 2012-2013
10%
177 Yoan Gouffran MF, FW 12 0 (1) 2008-2010
10%
320 Adrien Truffert DF, MF 5 0 (0) 2020-2021
8%
133 Éric Carrière MF 17 6 (6) 2001-2004
8%
408 Jérémie Aliadière MF, FW 2 0 (1) 2003-2004, 2006-2007
8%
268 Julien Faubert DF, FW 6 2 (2) 2006-2007
8%
263 Junior Dina Ebimbe DF, MF, FW 7 0 (0) 2021-2023
8%
362 Sofiane Diop MF, FW 4 0 (0) 2018-2019
8%
108 Stéphane Dalmat MF 21 2 (1) 2000-2002, 2006-2007
8%
368 Yaya Sanogo FW 3 1 (1) 2013-2015
8%
213 Boubakary Soumaré MF 10 0 (0) 2019-2020, 2023-2024
7%
323 El Chadaille Bitshiabu DF, MF 5 0 (0) 2022-2023, 2024-2025
7%
201 Frédéric Déhu DF, MF 10 1 (0) 2000-2001
7%
148 Gilles Grimandi DF 16 0 (0) 2000-2002
7%
390 Jean-Christophe Bahebeck MF, FW 3 0 (0) 2014-2015
7%
130 Laurent Bonnart DF 18 0 (2) 2007-2009, 2011-2013
7%
119 Philippe Christanval DF 20 0 (0) 2000-2004
7%
426 Ruben Aguilar DF, MF 2 0 (0) 2023-2024
7%
361 Sabri Lamouchi MF 4 0 (0) 2003-2004
7%
337 Samuel Gigot DF 5 0 (0) 2022-2023
7%
255 Soungoutou Magassa DF, MF 7 1 (0) 2024-2025
7%
217 Sylvain Distin DF 10 0 (0) 2000-2001
7%
472 Yohan Gomez DF, MF 1 0 (0) 2004-2005
7%
310 Adrien Thomasson DF, MF, FW 5 1 (0) 2023-2024
6%
259 Anthony Rouault DF 7 0 (0) 2024-2025
6%
233 Brendan Chardonnet DF 9 0 (0) 2024-2025
6%
328 Jonathan Biabiany MF, FW 5 0 (0) 2010-2011
6%
308 Lilian Laslandes FW 5 1 (1) 2006-2007
6%
137 Lucas Gourna-Douath MF 17 0 (0) 2022-2025
6%
172 Matthieu Delpierre DF 13 0 (0) 2001-2002, 2007-2008, 2009-2010
6%
240 Pierre-Alain Frau MF, FW 8 2 (1) 2004-2005
6%
334 Richard Dutruel GK 5 0 (0) 2000-2001
6%
249 Romain Faivre MF, FW 8 0 (0) 2024-2025
6%
237 Timothée Kolodziejczak DF 9 0 (0) 2009-2010, 2015-2017
6%
200 Tony Vairelles DF, FW 10 2 (1) 2000-2001, 2002-2003
6%
314 Camel Meriem MF 5 0 (2) 2003-2004
5%
432 Corentin Jean MF, FW 1 0 (0) 2016-2017
5%
175 David Bellion FW 12 1 (1) 2003-2004, 2008-2010
5%
385 Faitout Maouassa DF, MF, FW 3 0 (0) 2020-2022
5%
205 Florent Balmont MF 10 0 (2) 2011-2013
5%
340 Frédéric Née FW 4 1 (1) 2001-2002
5%
369 Frédéric Piquionne FW 3 1 (0) 2008-2009
5%
371 Gaëtan Charbonnier MF, FW 3 1 (0) 2012-2013
5%
202 Hugo Magnetti MF 10 1 (0) 2024-2025
5%
326 Jean Butez GK 5 0 (0) 2023-2024
5%
198 Jean-Claude Darcheville FW 10 2 (1) 2006-2008
5%
246 Jeff Reine-Adélaïde MF, FW 8 0 (0) 2019-2020
5%
209 Jérémy Pied DF, FW 10 0 (1) 2010-2011, 2019-2020
5%
145 Jocelyn Angloma DF, MF 16 1 (1) 2000-2001
5%
295 Jonathan Gradit DF 6 0 (0) 2023-2024
5%
343 Julien Le Cardinal DF 4 1 (0) 2024-2025
5%
68 Julien Rodriguez DF 32 1 (3) 2000-2001, 2003-2005, 2007-2008, 2009-2010
5%
87 Matthieu Chalmé DF 27 0 (0) 2005-2006, 2008-2010
5%
219 Michaël Ciani DF 9 3 (0) 2009-2010
5%
248 Nicolas Gillet DF 8 0 (0) 2001-2002
5%
182 Olivier Bernard DF 12 0 (0) 2002-2003, 2005-2006
5%
304 Stanley N'Soki DF 6 0 (0) 2021-2022
5%
188 Steed Malbranque MF 11 1 (1) 2000-2001, 2015-2016
5%
364 William Vainqueur MF 4 0 (0) 2015-2016
5%
229 Ayyoub Bouaddi MF 9 0 (1) 2024-2025
4%
284 Christian Mawissa DF 6 0 (0) 2024-2025
4%
275 Cyril Théréau FW 6 0 (1) 2006-2007
4%
272 David N'Gog FW 6 2 (0) 2008-2010
4%
214 Franck Béria DF 10 0 (0) 2011-2013
4%
167 Franck Jurietti DF 14 0 (0) 2000-2001, 2006-2007, 2008-2010
4%
428 Georginio Rutter MF, FW 1 1 (0) 2020-2021
4%
413 Gérald Cid DF 2 0 (0) 2006-2007
4%
164 Jérémy Berthod DF 14 1 (0) 2003-2006, 2010-2011
4%
208 Jérémy Clément MF 10 0 (1) 2004-2006
4%
357 Marley Aké MF, FW 4 0 (0) 2020-2021
4%
358 Mohamed Ali Cho MF, FW 4 0 (0) 2023-2024
4%
181 Nicolas Isimat-Mirin DF 12 0 (0) 2015-2016, 2018-2019
4%
302 Nolan Roux MF, FW 6 0 (0) 2012-2013
4%
183 Oumar Solet DF 12 0 (0) 2021-2024
4%
401 Patrice Loko FW 3 0 (0) 2000-2001
4%
244 Ronaël Pierre-Gabriel DF 8 0 (1) 2024-2025
4%
165 Sébastien Pérez DF, MF 14 1 (0) 2001-2002, 2003-2004
4%
429 Adama Soumaoro DF 1 0 (0) 2019-2020
2%
271 Angelo Fulgini MF, FW 6 2 (0) 2023-2024
2%
281 Antoine Sibierski MF, FW 6 0 (0) 2002-2003
2%
379 Arnaud Gonzalez MF, FW 3 0 (0) 2002-2003
2%
322 Cyril Rool DF, MF 5 0 (0) 2002-2003
2%
267 Daniel Moreira FW 6 4 (1) 2002-2003
2%
245 Didier Domi DF 8 0 (0) 2000-2001, 2006-2007, 2009-2010
2%
288 Fabien Cool GK 6 0 (0) 2002-2003
2%
144 Grégory Tafforeau DF 16 1 (1) 2001-2002, 2005-2007
2%
353 Grégory Vignal DF 4 0 (0) 2001-2003
2%
388 Han-Noah Massengo MF 3 0 (0) 2018-2019
2%
251 Hassan Ahamada MF, FW 7 1 (0) 2001-2002
2%
417 Jeanuël Belocian DF, MF 2 0 (0) 2024-2025
2%
342 Jocelyn Blanchard MF 4 1 (0) 2002-2003
2%
186 Laurent Leroy FW 11 4 (2) 2000-2001
2%
264 Ludovic Butelle GK 7 0 (0) 2006-2007, 2016-2017
2%
317 Martin Djetou DF, MF 5 0 (1) 2000-2001
2%
455 Mathieu Gorgelin GK 1 0 (0) 2018-2019
2%
299 Maxime Bernauer DF 6 0 (0) 2024-2025
2%
193 Nicolas Plestan DF 11 0 (0) 2005-2006, 2010-2011
2%
142 Peter Luccin MF 16 2 (1) 2000-2001, 2003-2004
2%
333 Pierre Ducasse MF 5 0 (0) 2006-2007, 2008-2009
2%
152 Pierre Laigle DF, MF 15 2 (1) 2000-2002
2%
425 Romain Salin GK 2 0 (0) 2020-2021
2%
265 Ronald Zubar DF 7 0 (0) 2007-2009
2%
363 Soualiho Meïté DF, MF 4 0 (0) 2017-2018, 2021-2022
2%
305 Stéphane Porato GK 6 0 (0) 2000-2001
2%
427 Sylvain Monsoreau DF 2 0 (0) 2005-2006
2%
467 Timothee Pembele DF 1 0 (0) 2020-2021
2%
470 Vincent Péricard FW 1 0 (0) 2001-2002
2%
377 Xavier Gravelaine MF, FW 3 0 (1) 2000-2001
2%
341 Abdoulay Konko DF, MF 4 1 (0) 2009-2010
1%
280 Adrien Trebel DF, MF 6 0 (0) 2017-2018
1%
232 Anthony Mounier MF, FW 9 0 (0) 2008-2009, 2012-2013
1%
431 Billy Koumetio DF 1 0 (0) 2020-2021
1%
366 Bryan Bergougnoux MF, FW 3 1 (1) 2003-2005
1%
169 Christophe Delmotte DF, MF 13 2 (0) 2000-2003
1%
382 Damien Plessis MF 3 0 (0) 2010-2011
1%
349 Daniel Congré DF 4 0 (0) 2012-2013
1%
146 Didier Agathe DF, FW 16 0 (3) 2001-2002, 2003-2005
1%
434 Elliot Grandin MF, FW 1 0 (0) 2008-2009
1%
435 Eric Hassli FW 1 0 (0) 2009-2010
1%
241 Fabrice Abriel MF 8 1 (0) 2009-2011
1%
207 Florent Laville DF 10 0 (1) 2000-2003
1%
387 Florian Marange DF 3 0 (0) 2006-2007
1%
325 François Marque DF 5 0 (0) 2008-2009
1%
170 François Modesto DF, MF 13 2 (0) 2004-2005, 2011-2013
1%
242 Frédéric Da Rocha MF 8 1 (0) 2001-2002
1%
370 Frédéric Sammaritano MF, FW 3 1 (0) 2010-2011
1%
351 Garry Bocaly DF 4 0 (0) 2009-2010, 2012-2013
1%
436 Gennaro Bracigliano GK 1 0 (0) 2011-2012
1%
289 Geoffrey Dernis MF, FW 6 0 (0) 2005-2006
1%
414 Gerzino Nyamsi DF 2 0 (0) 2020-2021
1%
415 Giulian Biancone DF, MF 2 0 (0) 2018-2019
1%
438 Grégoire Coudert GK 1 0 (0) 2024-2025
1%
439 Grégory Malicki GK 1 0 (0) 2006-2007
1%
375 Grégory Sertic MF 3 0 (1) 2009-2010
1%
290 Grégory Wimbée GK 6 0 (0) 2001-2002
1%
291 Guillaume Warmuz GK 6 0 (0) 2002-2003
1%
416 Jean-Pascal Mignot DF 2 0 (0) 2010-2011
1%
445 Jérémy Gavanon GK 1 0 (0) 2003-2004
1%
449 Julien Serrano DF, MF 1 0 (0) 2018-2019
1%
418 Kassoum Ouattara DF, FW 2 0 (0) 2024-2025
1%
450 Laurent Pionnier GK 1 0 (0) 2012-2013
1%
457 Mickaël Madar FW 1 0 (0) 2000-2001
1%
400 Neil El Aynaoui MF 3 0 (0) 2023-2024
1%
220 Nicolas Fauvergue FW 9 2 (1) 2005-2007
1%
257 Nicolas Laspalles DF 7 0 (1) 2001-2002
1%
360 Nicolas Puydebois GK 4 0 (0) 2003-2005
1%
330 Nicolas Savinaud DF, MF 5 0 (0) 2001-2002
1%
226 Olivier Quint MF 9 1 (0) 2001-2002
1%
422 Pantxi Sirieix MF 2 0 (0) 2002-2003
1%
376 Pascal Johansen MF 3 0 (1) 2003-2004
1%
318 Pierre Cornud DF 5 0 (1) 2022-2023
1%
228 Pierre Ducrocq DF, MF 9 0 (2) 2000-2001
1%
402 Sébastien Corchia DF, MF 3 0 (0) 2017-2018
1%
403 Stéphane Dumont MF 3 0 (0) 2005-2007
1%
309 Thibault Moulin MF 5 1 (1) 2016-2017
1%
469 Vincent Gragnic MF 1 0 (0) 2007-2008
1%
405 Wesley Saïd MF, FW 3 0 (0) 2023-2024
1%
365 Yann Gboho MF, FW 4 0 (0) 2020-2021
1%
471 Yannick Fischer DF 1 0 (0) 2000-2001
1%
279 Yann Lachuer MF 6 0 (1) 2002-2003
1%
378 Adrien Hunou MF, FW 3 0 (0) 2020-2021
0%
256 Alan Virginius MF, FW 7 0 (1) 2024-2025
0%
430 Antoine Bernede MF 1 0 (0) 2019-2020
0%
374 Benjamin Nicaise MF 3 0 (1) 2009-2010
0%
191 Benoît Poulain DF, MF 11 0 (0) 2016-2017, 2018-2019
0%
411 Brandon Soppy DF, MF 2 0 (0) 2020-2021
0%
283 Bruno Irles DF 6 0 (0) 2000-2001
0%
189 Cédric Bardon MF, FW 11 1 (0) 2006-2007, 2008-2009
0%
321 Cédric Hengbart DF 5 0 (0) 2010-2011
0%
347 Charles Devineau MF 4 0 (0) 2001-2002
0%
381 Chris Nadje MF, FW 3 0 (0) 2024-2025
0%
348 Christophe Landrin MF 4 0 (0) 2001-2002
0%
433 David Di Tommaso DF 1 0 (0) 2000-2001
0%
166 David Linarès MF 14 0 (0) 2000-2002
0%
286 Dennis Appiah DF, MF 6 0 (0) 2017-2018
0%
383 Djézon Boutoille FW 3 0 (0) 2001-2002
0%
350 Enzo Crivelli FW 4 0 (0) 2020-2021
0%
384 Fabrice Ehret DF, MF 3 0 (0) 2004-2006
0%
311 Fabrice Pancrate MF, FW 5 1 (0) 2004-2005
0%
386 Flavien Tait MF, FW 3 0 (0) 2020-2021
0%
437 Gobe Gouano FW 1 0 (0) 2018-2019
0%
440 Grégory Paisley DF 1 0 (0) 2000-2001
0%
441 Grégory Pujol FW 1 0 (0) 2001-2002
0%
252 Idjessi Metsoko FW 7 1 (0) 2024-2025
0%
389 Isaac Lihadji MF, FW 3 0 (0) 2021-2022
0%
261 Jean-Marc Chanelet DF 7 0 (0) 2000-2003
0%
443 Jean-Michel Badiane DF 1 0 (0) 2004-2005
0%
444 Jean-Philippe Sabo DF 1 0 (0) 2011-2012
0%
327 Jean-Sébastien Jaurès DF 5 0 (0) 2002-2003
0%
293 Jérémy Taravel DF 6 0 (0) 2015-2016
0%
225 Jimmy Algerino DF 9 1 (1) 2000-2001
0%
446 Jimmy Juan MF 1 0 (0) 2004-2005
0%
447 Johann Truchet DF 1 0 (0) 2004-2005
0%
294 Johan Radet DF 6 0 (0) 2002-2003
0%
180 Johnny Ecker DF 12 0 (0) 2001-2002, 2003-2004
0%
448 Jonathan Ligali GK 1 0 (0) 2012-2013
0%
391 Jordan Lefort DF 3 0 (0) 2021-2022
0%
316 Julien Quercia MF, FW 5 0 (1) 2010-2011
0%
392 Kévin N'Doram DF, MF 3 0 (0) 2016-2019
0%
393 Lionel Carole DF, MF, FW 3 0 (0) 2015-2016
0%
419 Lionel Mathis MF 2 0 (0) 2002-2003
0%
394 Lionel Potillon DF 3 0 (0) 2003-2004
0%
452 Loïc Pailleres MF 1 0 (0) 2001-2002
0%
395 Lucas Michal MF, FW 3 0 (0) 2024-2025
0%
453 Mamoudou Karamoko MF, FW 1 0 (0) 2022-2023
0%
216 Mathieu Berson MF 10 0 (0) 2001-2002
0%
454 Mathieu Deplagne DF 1 0 (0) 2012-2013
0%
344 Mathieu Robail MF, FW 4 1 (0) 2006-2007
0%
396 Mathieu Valverde GK 3 0 (0) 2008-2009
0%
456 Maxime Bourgeois FW 1 0 (0) 2010-2011
0%
273 Nicolas Bonnal MF 6 1 (0) 2000-2001
0%
359 Nicolas Godemèche MF 4 0 (0) 2012-2013
0%
303 Olivier Sorin GK 6 0 (0) 2010-2011
0%
332 Pascal Delhommeau DF 5 0 (0) 2001-2002
0%
367 Pascal Nouma MF, FW 3 1 (1) 2000-2001
0%
459 Patrick Collot MF, FW 1 0 (0) 2001-2002
0%
112 Philippe Violeau MF 21 0 (0) 2000-2003
0%
460 Pierre Aristouy FW 1 0 (0) 2001-2002
0%
461 Romain Beynié MF 1 0 (0) 2005-2006
0%
462 Romain Pitau MF 1 0 (0) 2012-2013
0%
424 Romain Rocchi MF 2 0 (0) 2010-2011
0%
463 Romain Sartre DF, MF 1 0 (0) 2003-2004
0%
335 Ronny Rodelin MF, FW 5 0 (0) 2011-2013
0%
336 Roy Contout FW 5 0 (0) 2010-2011
0%
372 Samuel Grandsir MF, FW 3 1 (0) 2018-2019
0%
464 Sébastien Carole MF 1 0 (0) 2003-2004
0%
274 Steeven Langil MF, FW 6 1 (0) 2010-2011, 2016-2017
0%
466 Stéphane Pédron MF 1 0 (0) 2002-2003
0%
211 Stéphane Pichot DF 10 0 (1) 2001-2002, 2004-2005
0%
224 Stéphane Ziani MF 9 1 (2) 2001-2002
0%
404 Tanguy Zoukrou DF 3 0 (0) 2024-2025
0%
468 Uliano Courville MF 1 0 (0) 2000-2001
0%
338 Valentin Rosier DF, MF 5 0 (0) 2021-2022
0%
473 Younes Lachaab MF, FW 1 0 (0) 2024-2025
0%
266 Yves Deroff DF 7 0 (0) 2001-2002
0%
No matching quizzes found
Score Distribution
Percent of People with Each Score
Percentile by Number Answered
Your Score History
You have not taken this quiz